Stades NBA par équipes - Statistiques

Statistiques générales
  • Ce quiz a été pris 65 fois
  • Le résultat moyen est 8 sur 30
Statistiques - réponses
Hint Réponse % Correct
Boston Celtics TD Garden
84%
New York Knicks Madison Square Garden
82%
Los Angeles Clippers Crypto.com Arena
64%
Los Angeles Lakers Crypto.com Arena
64%
Brooklyn Nets Barclays Center
47%
Golden State Warriors Chase Center
38%
Dallas Mavericks American Airlines Center
36%
Denver Nuggets Ball Arena
36%
Houston Rockets Toyota Center
36%
Chicago Bulls United Center
35%
Milwaukee Bucks Fiserv Forum
27%
Philadelphie 76ers Wells Fargo Center
27%
Charlotte Hornets Spectrum Center
22%
Minnesota Timberwolves Target Center
20%
Miami Heat Kaseya Center
18%
New Orleans Pelicans Smoothie King Center
18%
Memphis Grizzlies FedEx Forum
16%
Portland Trail Blazers Moda Center
16%
Oklahoma City Thunder Paycom Center
16%
Atlanta Hawks State Farm Arena
16%
Washington Wizards Capital One Arena
15%
Orlando Magic Kia Arena
15%
Detroit Pistons Little Caesars Arena
15%
San Antonio Spurs Frost Bank Center
13%
Toronto Raptors Scotiabank Arena
13%
Indiana Pacers Gainbridge Fieldhouse
11%
Sacramento Kings Golden 1 Center
11%
Cleveland Cavaliers Rocket Mortgage FieldHouse
7%
Phoenix Suns Footprint Center
4%
Utah Jazz Vivint Arena
4%
Aucun quiz correspondant
Distribution des résultats
% des personnes avec chaque résultat
Percentile par nombre de réponses
Votre historique - résultats
Vous n’avez pas pris ce quiz